Financial management : theory and practice: CD / (Record no. 9698)
[ view plain ]
| 000 -LEADER | |
|---|---|
| fixed length control field | 00727nac a22002171u 4500 |
| 010 ## - LIBRARY OF CONGRESS CONTROL NUMBER | |
| LC control number | 87015616 |
| 020 ## - INTERNATIONAL STANDARD BOOK NUMBER | |
| International Standard Book Number | 981243660x |
| 082 00 - DEWEY DECIMAL CLASSIFICATION NUMBER | |
| Classification number | 658.15 |
| Item number | BRI |
| 090 ## - LOCALLY ASSIGNED LC-TYPE CALL NUMBER (OCLC); LOCAL CALL NUMBER (OCLC) | |
| -- | 9698 |
| -- | 9698 |
| 100 ## - MAIN ENTRY--PERSONAL NAME | |
| Personal name | Brigham, Eugene F., |
| 245 10 - TITLE STATEMENT | |
| Title | Financial management : theory and practice: CD / |
| Statement of responsibility, etc | Eugene F. Brigham ; Ehrhardt |
| 250 ## - EDITION STATEMENT | |
| Edition statement | 10th ed. |
| 260 ## - PUBLICATION, DISTRIBUTION, ETC. (IMPRINT) | |
| Place of publication, distribution, etc | Australia : |
| Name of publisher, distributor, etc | Thomson/South-Western,2002. |
| Date of publication, distribution, etc | c2002. |
| 300 ## - PHYSICAL DESCRIPTION | |
| Type of unit | 1 CD-RM (4 3/4 in.) |
| 500 ## - GENERAL NOTE | |
| General note | Audiovisuals |
| 511 ## - PARTICIPANT OR PERFORMER NOTE | |
| Participant or performer note | Catalogued by: Sara |
| 650 #0 - SUBJECT ADDED ENTRY--TOPICAL TERM | |
| Topical term or geographic name as entry element | Corporations |
| General subdivision | Finance. |
| 700 1# - ADDED ENTRY--PERSONAL NAME | |
| Personal name | Ehrhardt. |
| 942 ## - ADDED ENTRY ELEMENTS (KOHA) | |
| Item type | |
| Call number prefix | 658.15BRI |
| Withdrawn status | Item status | Damaged status | Not for loan | Home library | Current library | Shelving location | Date acquired | Source of acquisition | Total Checkouts | Full call number | Barcode | Date last seen | Date last borrowed | Koha item type |
|---|---|---|---|---|---|---|---|---|---|---|---|---|---|---|
| Central Library | Central Library | First floor | 29/05/2008 | Purchase | 1 | 658.15BRI | 000011846 | 24/08/2022 | 12/12/2011 | CD | DVD - With book |